000 01680nab a22002897a 4500
999 _c5663
_d5663
003 OSt
005 20251226130343.0
008 190429b xxu||||| |||| 00| 0 spa d
040 _cPJ
100 _96623
_aNeve Piñeira, Julia Ana
245 1 0 _aInterpretaciones en tensión sobre la prescripción en delitos contra la integridad sexual cometidos en contextos institucionales :
_b¿hay responsabilidad del Estado? /
_cJulia Ana Neve Piñeira, Macarena Ayelén Picardi.
260 _cCiudad Autónoma de Buenos Aires :
_aThomson Reuters La Ley,
_b2025.
300 _ap. 39-47
500 _aCita: TR LALEY AR/DOC/2207/2025.
505 _aSumario: I. Introducción.— II. Síntesis del caso y recorrido judicial.— III. El núcleo del debate: prescripción vs. imprescriptibilidad.— IV. Valoración probatoria en delitos contra la integridad sexual.— V. Estándares de revisión de prueba por la Corte Suprema de Justicia de la Nación.— VI. Breve nota sobre el juicio por la verdad.— VII. Conclusiones.
505 _tSi te interesa el texto completo, solicitalo a koha@justierradelfuego.gov.ar
650 0 _9343
_aDERECHO PENAL
650 0 _9614
_aDERECHOS HUMANOS
650 0 _92902
_aDELITOS CONTRA LA INTEGRIDAD SEXUAL
650 0 _92741
_aDERECHOS DE LAS NIÑAS, NIÑOS Y ADOLESCENTES
650 0 _92903
_aABUSO SEXUAL
650 0 _96334
_aCRÍMENES DE LESA HUMANIDAD
650 0 _93902
_aPRESCRIPCIÓN DE LA ACCIÓN PENAL
700 _96624
_aPicardi, Macarena Ayelén
773 0 _02658
_93164
_tRevista de derecho penal y criminología. Nº 9 - Octubre 2025
_dCiudad Autónoma de Buenos Aires : Thomson Reuters La Ley, 2017-
_x00347914
942 _2udc
_cANA